000 00795nam a22001815i 4500
001 167112
003 ES-MaACL
005 20250914132917.0
008 960320s1883 sp |||| | spa d
040 _aCLM
_bspa
_cCCPB | SIC
100 1 _aVega y Areta, Rafael de.
_9133583
245 1 0 _aRecuerdo que a la memoria del catedrático D. Raimundo de Miguel y Navas dedica... Rafael de Vega y Areta leido en la solemne apertura del curso académico de 1882 á 1883.
260 _aBurgos :
_b[s.n.],
_c1883 (
_fImprenta de D. Timoteo Arnaiz)
300 _a24 p. ;
_c21 cm.
600 1 4 _aMiguel, Raimundo de,
_d1816-1878
_9242261
852 _aES-MaACL
_jT-814-F-2
_z-- Enc. hol. conservando la cub. original
_z-- Donativo del autor
_z-- Enc. en un vol. facticio
999 _c167112
_d167112